Statistiques concernant Conjugaison - Peser

Cliquez ici pour prendre le quiz!

Statistiques générales

  • Ce quiz a été pris 23 fois
  • Le résultat moyen est 60 sur 98

Statistiques - réponses

TempsPronomsVerbe% Correct
Indicatif passé composéJeai pesé
100%
Indicatif présentJepèse
100%
Indicatif passé composéIl/Elle/Ona pesé
95%
Indicatif passé composéTuas pesé
95%
Indicatif passé composéVousavez pesé
95%
Indicatif passé composéNousavons pesé
95%
Indicatif passé composéIls/Ellesont pesé
95%
Indicatif imparfaitTupesais
95%
Indicatif imparfaitJepesais
95%
Indicatif imparfaitIl/Elle/Onpesait
95%
Indicatif présentIl/Elle/Onpèse
95%
Indicatif présentIls/Ellespèsent
95%
Indicatif présentTupèses
95%
Indicatif présentVouspesez
95%
Indicatif présentNouspesons
95%
Indicatif imparfaitIls/Ellespesaient
90%
Indicatif imparfaitVouspesiez
90%
Indicatif imparfaitNouspesions
90%
Indicatif plus-que-parfaitJeavais pesé
85%
Indicatif plus-que-parfaitTuavais pesé
85%
Indicatif plus-que-parfaitIl/Elle/Onavait pesé
85%
Indicatif plus-que-parfaitIls/Ellesavaient pesé
80%
Indicatif plus-que-parfaitVousaviez pesé
80%
Indicatif plus-que-parfaitNousavions pesé
80%
Indicatif passé simpleJepesai
80%
Indicatif passé simpleIl/Elle/Onpesa
75%
Indicatif passé simpleNouspesâmes
75%
Indicatif passé simpleTupesas
75%
Indicatif passé simpleVouspesâtes
75%
Indicatif futur simpleIl/Elle/Onpèsera
70%
Indicatif futur simpleJepèserai
70%
Indicatif futur simpleTupèseras
70%
Indicatif futur simpleVouspèserez
70%
Indicatif futur simpleNouspèserons
70%
Indicatif futur simpleIls/Ellespèseront
70%
Indicatif futur antérieurJeaurai pesé
60%
Indicatif futur antérieurIl/Elle/Onaura pesé
60%
Indicatif futur antérieurTuauras pesé
60%
Indicatif futur antérieurVousaurez pesé
60%
Indicatif futur antérieurNousaurons pesé
60%
Indicatif futur antérieurIls/Ellesauront pesé
60%
Subjonctif présentJepèse
60%
Conditionnel présentIls/Ellespèseraient
60%
Conditionnel présentJepèserais
60%
Conditionnel présentTupèserais
60%
Conditionnel présentIl/Elle/Onpèserait
60%
Indicatif passé simpleIls/Ellespesèrent
60%
Conditionnel présentVouspèseriez
60%
Conditionnel présentNouspèserions
60%
Conditionnel passéIls/Ellesauraient pesé
55%
Conditionnel passéJeaurais pesé
55%
Conditionnel passéTuaurais pesé
55%
Conditionnel passéIl/Elle/Onaurait pesé
55%
Conditionnel passéVousauriez pesé
55%
Conditionnel passéNousaurions pesé
55%
Indicatif passé antérieurNouseûmes pesé
55%
Indicatif passé antérieurIls/Elleseurent pesé
55%
Indicatif passé antérieurJeeus pesé
55%
Indicatif passé antérieurTueus pesé
55%
Indicatif passé antérieurVouseûtes pesé
55%
Indicatif passé antérieurIl/Elle/Oneut pesé
55%
Subjonctif présentIl/Elle/Onpèse
55%
Subjonctif présentIls/Ellespèsent
55%
Subjonctif présentTupèses
55%
Subjonctif présentVouspesiez
55%
Subjonctif présentNouspesions
55%
ParticipePrésentpesant
50%
Impératif présentTupèse
50%
InfinitifPrésentpeser
50%
Impératif présentVouspesez
50%
Impératif présentNouspesons
50%
Subjonctif passéIls/Ellesaient pesé
45%
Subjonctif passéJeaie pesé
45%
Subjonctif passéTuaies pesé
45%
Subjonctif passéIl/Elle/Onait pesé
45%
Subjonctif passéVousayez pesé
45%
Subjonctif passéNousayons pesé
45%
InfinitifPasséavoir pesé
40%
Subjonctif plus-que-parfaitJeeusse pesé
40%
Subjonctif plus-que-parfaitTueusses pesé
40%
Subjonctif plus-que-parfaitIl/Elle/Oneût pesé
40%
Subjonctif imparfaitJepesasse
40%
Subjonctif imparfaitIl/Elle/Onpesât
40%
GérondifPrésenten pesant
35%
Subjonctif plus-que-parfaitVouseussiez pesé
35%
Subjonctif plus-que-parfaitNouseussions pesé
35%
Subjonctif imparfaitVouspesassiez
35%
Subjonctif imparfaitNouspesassions
35%
ParticipePassépesé
35%
Impératif passéTuaie pesé
30%
Impératif passéVousayez pesé
30%
Impératif passéNousayons pesé
30%
GérondifPasséen ayant pesé
30%
Subjonctif plus-que-parfaitIls/Elleseussent pesé
30%
Subjonctif imparfaitIls/Ellespesassent
30%
Forme surcomposéeJeai eu pesé
25%
ParticipePasséayant pesé
25%
Subjonctif imparfaitTupasasses
0%

Distribution des résultats

Percentile par nombre de réponses

% des personnes avec chaque résultat

Votre développement - résultats

Vous n’avez pas pris ce quiz